| 000 | 00585nam a22001937a 4500 | ||
|---|---|---|---|
| 003 | OSt | ||
| 005 | 20140310181718.0 | ||
| 008 | 130228t xxu||||| |||| 00| 0 eng d | ||
| 050 |
_aBF 505 _b.V157 2000 |
||
| 082 |
_aM 158.12 _bV23 2000 |
||
| 245 |
_aThe lifemax powerbooks _bv.4 The power of goals --v.5 The power of action -- v.6 The power of self-talk _cValentine, James Lee |
||
| 260 |
_aManila : _bNational Book Store, _c2000. |
||
| 300 |
_a3 v. ; _c15 cm. |
||
| 521 | _acollege students | ||
| 526 | _c1210L-1700L | ||
| 541 | _j1 | ||
| 562 | _e2 | ||
| 942 |
_2lcc _cBK-FIL _kM |
||
| 999 |
_c1893 _d1893 |
||